Statistiken für Die 10 höchsten Achterbahnen Deutschlands

Klicken Sie hier um das Quiz zu spielen!

Allgemein

  • Dieses Quiz wurde 49 mal gespielt
  • Das Durchschnittsergebnis liegt bei 8 aus 13

Antwortstatistiken

PlatzAchterbahnHöhe in m% Korrekt
1Silver Star73,0
85%
10Blue fire Megacoaster37,8
72%
3Colossos - Kampf der Giganten50,0
72%
7Krake41,1
72%
1Der Schwur des Kärnan73,0
68%
8Wodan - Timburcoaster39,9
64%
9Flug der Dämonen39,6
55%
2Expedition GeForce53,0
53%
5Sky Scream45,0
51%
9Flucht von Novgorod39,6
45%
9Star Trek: Operation Enterprise39,6
45%
4Sky Wheel46,2
40%
6Dynamite44,0
38%

Verteilung der Resultate

Perzentil nach korrekt beantworteten Fragen

Anzahl Personen mit jedem Resultat

Ihre Resultats-Entwicklung

Sie haben dieses Quiz noch nicht gespielt